[Event "Igualada op 11th"]
[Site "Igualada"]
[Date "2016.02.13"]
[Round "5"]
[White "Claramunt Junjent, Maria"]
[Black "Fernandez Diaz, Jose Antonio"]
[Result "0-1"]
[WhiteElo "1251"]
[BlackElo "1483"]
[PlyCount "140"]
[EventDate "2016.01.16"]
[EventType "swiss"]
[EventRounds "8"]
[EventCountry "ESP"]
[SourceTitle "EXT 2017"]
[Source "ChessBase"]
[SourceDate "2016.10.25"]
[SourceVersion "1"]
[SourceVersionDate "2016.10.25"]
[SourceQuality "1"]

1. d4 d5 2. Nf3 Nf6 3. e3 e6 4. Bd3 Bd7 5. b3 Be7 6. Bb2 0-0 7. 0-0 Nc6 8. c3 a6 9. Nbd2 Re8 10. Re1 Bd6 11. Qc2 h6 12. h3 Kf8 13. c4 Nb4 14. Qc3 Nxd3 15. Qxd3 b6 16. Qc3 a5 17. Qc1 Ne4 18. Qc2 Nf6 19. Qc1 Bb4 20. a3 Be7 21. a4 Bd6 22. Ba3 Kg8 23. Qc2 e5 24. cxd5 exd4 25. e4 Be5 26. Bb2 d3 27. Qc1 Bxb2 28. Qxb2 Bc8 29. Qd4 Ba6 30. Ne5 c5 31. Qc3 Nh5 32. Re3 Qf6 33. Ndf3 Nf4 34. Rc1 Ne2+ 35. Rxe2 dxe2 36. Nc6 Qxc3 37. Rxc3 Rxe4 38. Ne1 Bb7 39. f3 Ree8 40. Rd3 Bxc6 41. dxc6 Rac8 42. Kf2 Rxc6 43. f4 c4 44. Rc3 Re4 45. Kf3 f5 46. g4 g6 47. Kg3 Rc5 48. h4 cxb3 49. Rxb3 Rc1 50. Kf2 Rc6 51. Nd3 Rce6 52. Ke1 Rxa4 53. g5 Ra1+ 54. Kf2 e1Q+ 55. Nxe1 Raxe1 56. Rb2 hxg5 57. hxg5 a4 58. Rc2 Re8 59. Rb2 a3 60. Ra2 R1e2+ 61. Rxe2 Rxe2+ 62. Kxe2 a2 63. Kf3 a1Q 64. Ke3 Qc1+ 65. Kd3 b5 66. Kd4 b4 67. Ke5 b3 68. Kf6 b2 69. Kxg6 b1Q 70. Kh6 Qb6+ 0-1

[Event "Igualada op 11th"]
[Site "Igualada"]
[Date "2016.02.06"]
[Round "4"]
[White "Riera Escayola, Josep"]
[Black "Claramunt Junjent, Maria"]
[Result "1-0"]
[WhiteElo "1551"]
[BlackElo "1251"]
[PlyCount "115"]
[EventDate "2016.01.16"]
[EventType "swiss"]
[EventRounds "8"]
[EventCountry "ESP"]
[SourceTitle "EXT 2017"]
[Source "ChessBase"]
[SourceDate "2016.10.25"]
[SourceVersion "1"]
[SourceVersionDate "2016.10.25"]
[SourceQuality "1"]

1. e4 e5 2. Nf3 d6 3. d4 Nf6 4. dxe5 Nxe4 5. exd6 Nxd6 6. Be2 Be7 7. 0-0 0-0 8. h3 Nd7 9. Nc3 Nf6 10. Bf4 Re8 11. Bh2 b6 12. Nd5 Bf8 13. Nxf6+ Qxf6 14. c3 Qd8 15. Bxd6 Bxd6 16. Bb5 Re6 17. Nd4 Re7 18. Nc6 Qf8 19. Nxe7+ Qxe7 20. Re1 Qg5 21. Re8+ Bf8 22. Qd8 Qxd8 23. Rxd8 g6 24. Re1 Kg7 25. Ree8 Bb7 26. Rxa8 Bxa8 27. Rxa8 a5 28. a3 Bd6 29. b4 axb4 30. axb4 g5 31. g4 h6 32. Kg2 Bf4 33. Rd8 Be5 34. Rd7 Bxc3 35. Rxc7 Bxb4 36. Bc4 Kg6 37. Bxf7+ Kf6 38. Kf3 Bd6 39. Rc6 Ke7 40. Rxb6 Kd7 41. Ke4 Bc5 42. Rxh6 Bxf2 43. Kf5 Ke7 44. Bh5 Be3 45. Re6+ Kd7 46. Rxe3 Kd6 47. Kxg5 Kd5 48. Kf5 Kd4 49. Re5 Kd3 50. g5 Kd4 51. g6 Kd3 52. g7 Kd4 53. g8Q Kd3 54. Qd5+ Kc3 55. Re4 Kc2 56. Qd4 Kc1 57. Re2 Kb1 58. Qb2# 1-0

[Event "Sant Boi City-ch Promocio"]
[Site "Sant Boi de Llobregat"]
[Date "2015.10.30"]
[Round "5.5"]
[White "Perez Serrallonga, Maxima"]
[Black "Claramunt Junjent, Maria"]
[Result "1-0"]
[WhiteElo "1739"]
[BlackElo "1513"]
[PlyCount "37"]
[EventDate "2015.10.03"]
[EventType "swiss"]
[EventRounds "9"]
[EventCountry "ESP"]
[SourceTitle "EXT 2024"]
[Source "ChessBase"]
[SourceDate "2023.10.10"]
[SourceVersion "1"]
[SourceVersionDate "2023.10.10"]
[SourceQuality "1"]

1. e4 e5 2. Nf3 d6 3. d4 f6 4. Bc4 Ne7 5. 0-0 d5 6. exd5 Nxd5 7. Re1 Qd6 8. dxe5 Qc6 9. Bxd5 Qd7 10. exf6+ Kd8 11. Ne5 Qd6 12. Nf7+ Kd7 13. Nxd6 Kxd6 14. Bxb7+ Kc5 15. Bxa8 gxf6 16. Be3+ Kb5 17. Nc3+ Ka6 18. Qd3+ Ka5 19. Qb5# 1-0